| 000 | 00396 a2200121 4500 | ||
|---|---|---|---|
| 245 |
_aThree men in a boat _b : (to say nothing of the dog) _hprint |
||
| 250 | _a2d ed. | ||
| 700 | _aJerome, Jerome K. (Jerome Klapka) | ||
| 700 | _aGilomen, Walther, [from old catalog] | ||
| 005 | 20191017173824.0 | ||
| 260 |
_asz _bA. Francke ag. _c[1944] |
||
| 084 | _aPR4825.J3 A7753 1944 | ||
| 300 |
_a44 p. 20 cm. _b44 p. 20 cm. _c44 p. 20 cm. |
||
| 999 |
_c10782 _d10782 |
||